UBT Library

MBI MOTIVIMIN NE MESIMEDHENIE (Record no. 60625)

000 -LEADER
fixed length control field 00342nam a22001457a 4500
008 - FIXED-LENGTH DATA ELEMENTS--GENERAL INFORMATION
fixed length control field 240415b ||||| |||| 00| 0 eng d
020 ## - INTERNATIONAL STANDARD BOOK NUMBER
International Standard Book Number 9789951914604
041 ## - LANGUAGE CODE
Language code of text/sound track or separate title SHQIP
080 ## - UNIVERSAL DECIMAL CLASSIFICATION NUMBER
Edition identifier 2023
Universal Decimal Classification number 159.9
082 ## - DEWEY DECIMAL CLASSIFICATION NUMBER
Classification number 159.9SHA
100 ## - Rafti
Rafti 25
101 ## - Shkurtesa
Shkurtesa PSI
245 ## - TITLE STATEMENT
Title MBI MOTIVIMIN NE MESIMEDHENIE
Statement of responsibility, etc DIANA SEJDIU SHALA
942 ## - ADDED ENTRY ELEMENTS (KOHA)
Source of classification or shelving scheme
Item type Books
Holdings
Withdrawn status Lost status Source of classification or shelving scheme Damaged status Not for loan Collection code Permanent location Current location Date acquired Total Checkouts Full call number Barcode Date last seen Price effective from Koha item type
          Koleksioni i përgjithshem UBT - Lipjan UBT - Lipjan 04/15/2024   159.9SHA 002-800070663 04/15/2024 04/15/2024 Books
          Koleksioni i përgjithshem UBT - Lipjan UBT - Lipjan 04/15/2024   159.9SHA 002-800070664 04/15/2024 04/15/2024 Books
          Koleksioni i përgjithshem UBT - Lipjan UBT - Lipjan 04/15/2024   159.9SHA 002-800070665 04/15/2024 04/15/2024 Books
          Koleksioni i përgjithshem UBT - Lipjan UBT - Lipjan 04/15/2024   159.9SHA 002-800070666 04/15/2024 04/15/2024 Books
          Koleksioni i përgjithshem UBT - Lipjan UBT - Lipjan 04/15/2024   159.9SHA 002-800070667 04/15/2024 04/15/2024 Books
          Koleksioni i përgjithshem UBT - Lipjan UBT - Lipjan 04/15/2024   159.9SHA 002-800070668 04/15/2024 04/15/2024 Books
          Koleksioni i përgjithshem UBT - Lipjan UBT - Lipjan 04/15/2024   159.9SHA 002-800070669 04/15/2024 04/15/2024 Books
          Koleksioni i përgjithshem UBT - Lipjan UBT - Lipjan 04/15/2024   159.9SHA 002-800070670 04/15/2024 04/15/2024 Books
          Koleksioni i përgjithshem UBT - Lipjan UBT - Lipjan 04/15/2024   159.9SHA 002-800070671 04/15/2024 04/15/2024 Books
          Koleksioni i përgjithshem UBT - Lipjan UBT - Lipjan 04/15/2024   159.9SHA 002-800070672 04/15/2024 04/15/2024 Books
UBT Library © 2015-2024. All rights reserved University Education for Business and Technology